| 000 | 01156nam a22003017a 4500 | ||
|---|---|---|---|
| 003 | URS | ||
| 005 | 20260415165607.0 | ||
| 008 | 240207b |||||||| |||| 00| 0 eng d | ||
| 100 |
_aCaseres, Natasha Jana SJ. _eauthor |
||
| 245 |
_aLearning Management System in Science of Grade 8 for Jiane Therese International School _cNatasha Jana SJ. Caseres and 5 others |
||
| 260 | _c2023 | ||
| 300 |
_axi, 95 leaves _c28 cm. |
||
| 336 | _2rdacontent | ||
| 337 |
_2rdamedia _aunmediated |
||
| 338 |
_2rdacarrier _avolume |
||
| 500 | _aUndergraduate Thesis | ||
| 502 |
_bBachelor of Science in Information Technology _cUniversity of Rizal System, Binangonan _d2023 |
||
| 504 | _aIncludes bibliographical references. | ||
| 700 |
_aCaseres, Natasha Jana SJ. _eauthor |
||
| 700 |
_aAragones, Erika NiƱa A. _eauthor |
||
| 700 |
_aFlores, Jomari V. _eauthor |
||
| 700 |
_aGetizo, Joemari _eauthor |
||
| 700 |
_aJalina, Jherwin A. _eauthor |
||
| 700 |
_aTalosig, Jorge Stanley B. _eauthor |
||
| 700 |
_aYves Xavier S. Candelaria, MSIT _eadviser |
||
| 856 |
_3Online Request for Student Unpublished Works _uhttps://forms.gle/7LqvGGkaDrUQqz429 |
||
| 942 |
_2lcc _cT |
||
| 999 |
_c100274 _d100271 |
||